000 00840nam a2200205Ii 4500
003 JO-AjNU
008 230605s9999||||xx |||||||||||||| ||und||
040 _aJO-AjNU
_bara
_erda
_cJO-AjNU
041 _aara
050 1 4 _aBP190.5.C6.I2524 1986
100 3 _aبن باز، عبد العزيز بن عبد الله ؛ تحقيق وتعليق: المكتب السلفي لتحقيق التراث,
_eauthor
_97964
245 0 0 _aالحجاب والسفور في الكتاب والسنة
250 _aط1
264 3 1 _aبيروت: دار ابن زيدون للطباعة والنشر والتوزيع، 1986
300 _a231ص
336 _atext
_btxt
_2rdacontent
337 _aunmediated
_bn
_2rdamedia
338 _avolume
_bnc
_2rdacarrier
650 4 _aحجاب المرأة- المرأة المسلمة- الفقه الاسلامي
_97965
999 _aA545
_c4113
_d4113